• 首页
  • 本馆介绍
  • 公告通知
  • 最新文献
  • 馆藏检索
  • 电子资源
  • 读者导购
  • 参考咨询
  • 我的图书馆
  • 登录
  • 详细信息显示
  • 放入我的书架
  • 预约/预借图书
  • 作者相关作品
  • 分类相关作品
  • 丛书相关作品
  • 出版社相关作品

书目信息

  • 表格格式
  • 工作单格式
  • 卡片格式
题名:
奇妙的物理 下
    
 
作者: 李军 , 丰雪 编著
分册:  
出版信息: 广州   广州出版社  1997
页数: 123页
开本: 19cm
丛书名: 百科世界知识丛书
单 册:
中图分类: O4-49 , O4
科图分类: 53.059
主题词: 物理学--青年读物
电子资源:
ISBN: 7-80592-707-3
000 00824nam2 2200313 450
001 073000001863
005 20091028152119.54
009 0198051377
010    @a7-80592-707-3@dCNY8.15
100    @a20040224d am y0chiy0121 ea
101 0  @achi
102    @aCN@b440000
105    @ay z 000yy
200 10 @a奇妙的物理 下@Aqi miao de wu li xia@f李军,丰雪编著
210    @a广州@c广州出版社@d1997
215    @a123页@d19cm
225 2  @a百科世界知识丛书
300 2  @a@h第三辑@v46-47
410  0 @120010@a百科世界丛书
410  0 @12001 @a百科世界知识丛书
606    @a物理学@x青年读物
690    @aO4-49@v3
690    @aO4@v4
692    @a53.059@v2
701  0 @a李军@Ali jun@4编著
701  0 @a丰雪@Afeng xue@4编著
801  2 @aCN@bHX@c20091028
905    @aBZT@dO4@e23-2
906    @dCNY92(全辑)@n0@r1
    
    奇妙的物理 下/李军,丰雪编著.-广州:广州出版社,1997
    123页;19cm.-(百科世界知识丛书)
    
    
    ISBN 7-80592-707-3:CNY8.15
    
●
相关链接 在五车中查询图书 在当当中查询图书 在豆瓣中查询图书


正题名:奇妙的物理 下     索取号:O4/23-2         预约/预借

序号 登录号 条形码 馆藏地/架位号 状态 备注
1 420074   210052789   中心书库北库/ 北库021架B面3列3层19/ [索取号:O4/23-2] 在馆    
2 420075   210052752   中心书库北库/ 北库021架B面3列3层20/ [索取号:O4/23-2] 在馆    
3 420076   210052770   中心书库北库/ 北库021架B面3列3层21/ [索取号:O4/23-2] 在馆    
4 420077   210052805   中心书库北库/ 北库021架B面3列3层22/ [索取号:O4/23-2] 在馆    
5 420078   210052798   中心书库北库/ 北库021架B面3列3层29/ [索取号:O4/23-2] 在馆    
6 420079   210052823   中心书库北库/ 北库021架B面3列3层24/ [索取号:O4/23-2] 在馆    
7 420080   210052814   中心书库北库/ 北库021架B面3列3层25/ [索取号:O4/23-2] 在馆    
8 420081   210052841   中心书库北库/ 北库021架B面3列3层28/ [索取号:O4/23-2] 在馆    
9 420082   210052832   中心书库北库/ 北库021架B面3列3层27/ [索取号:O4/23-2] 在馆    
10 420083   210052869   中心书库北库/ 北库021架B面3列3层23/ [索取号:O4/23-2] 在馆    
山东省滨州职业学院图书馆 欢迎您!
大连网信软件有限公司© 版权所有